<?xml version="1.0" encoding="UTF-8"?>
<record
    xmlns:xsi="http://www.w3.org/2001/XMLSchema-instance"
    xsi:schemaLocation="http://www.loc.gov/MARC21/slim http://www.loc.gov/standards/marcxml/schema/MARC21slim.xsd"
    xmlns="http://www.loc.gov/MARC21/slim">

  <leader>01024nam a2200313 c 4500</leader>
  <controlfield tag="001">a5604940</controlfield>
  <controlfield tag="003">SpMaBN</controlfield>
  <controlfield tag="005">20221004124856.0</controlfield>
  <controlfield tag="008">150203s2018  ch a | 001 0dspa  </controlfield>
  <datafield tag="020" ind1=" " ind2=" ">
    <subfield code="a">9787119090252</subfield>
  </datafield>
  <datafield tag="020" ind1=" " ind2=" ">
    <subfield code="a">9787119111704 (v.2)</subfield>
  </datafield>
  <datafield tag="040" ind1=" " ind2=" ">
    <subfield code="a">BPMSU </subfield>
    <subfield code="b">spa</subfield>
    <subfield code="c">BPMSU</subfield>
    <subfield code="e"> </subfield>
  </datafield>
  <datafield tag="082" ind1=" " ind2=" ">
    <subfield code="a">320.951</subfield>
    <subfield code="b">X6g 2018</subfield>
    <subfield code="2">22</subfield>
  </datafield>
  <datafield tag="100" ind1="1" ind2=" ">
    <subfield code="a">Xi, Jinping</subfield>
    <subfield code="d">1953-</subfield>
    <subfield code="0"> </subfield>
  </datafield>
  <datafield tag="245" ind1="1" ind2="3">
    <subfield code="a">La gobernaci&#xF3;n y administraci&#xF3;n de China /</subfield>
    <subfield code="c">Xi Jinping</subfield>
  </datafield>
  <datafield tag="260" ind1=" " ind2=" ">
    <subfield code="a">Beijing :</subfield>
    <subfield code="b">Ediciones en Lenguas Extranjeras,</subfield>
    <subfield code="c">2018</subfield>
  </datafield>
  <datafield tag="300" ind1=" " ind2=" ">
    <subfield code="a">vi, 579 p, [44] p. de l&#xE1;minas :</subfield>
    <subfield code="b">fotograf&#xED;as ;</subfield>
    <subfield code="c">24 cm.</subfield>
  </datafield>
  <datafield tag="500" ind1=" " ind2=" ">
    <subfield code="a">Incluye ap&#xE9;ndice documental</subfield>
  </datafield>
  <datafield tag="500" ind1=" " ind2=" ">
    <subfield code="a">Incluye referencias bibliogr&#xE1;ficas y notas al pie de las p&#xE1;ginas </subfield>
  </datafield>
  <datafield tag="500" ind1=" " ind2=" ">
    <subfield code="a">Incluye &#xED;ndice</subfield>
  </datafield>
  <datafield tag="590" ind1=" " ind2=" ">
    <subfield code="6">Inventariado, 2022/VM</subfield>
  </datafield>
  <datafield tag="610" ind1="1" ind2="4">
    <subfield code="a">China  </subfield>
    <subfield code="b">Gobernaci&#xF3;n</subfield>
    <subfield code="x">Administraci&#xF3;n .</subfield>
  </datafield>
  <datafield tag="650" ind1=" " ind2="4">
    <subfield code="z">China.</subfield>
    <subfield code="a">Socialismo</subfield>
  </datafield>
  <datafield tag="651" ind1=" " ind2="4">
    <subfield code="a">China</subfield>
    <subfield code="x">Pol&#xED;tica y gobierno</subfield>
    <subfield code="y"> </subfield>
    <subfield code="2"> </subfield>
  </datafield>
  <datafield tag="651" ind1=" " ind2="4">
    <subfield code="a">China</subfield>
    <subfield code="x">Relaciones exteriores.</subfield>
  </datafield>
  <datafield tag="651" ind1=" " ind2="4">
    <subfield code="a"> </subfield>
  </datafield>
  <datafield tag="910" ind1=" " ind2=" ">
    <subfield code="a">VMateoV./Validado</subfield>
  </datafield>
  <datafield tag="942" ind1=" " ind2=" ">
    <subfield code="2">ddc</subfield>
    <subfield code="c">BK</subfield>
  </datafield>
  <datafield tag="952" ind1=" " ind2=" ">
    <subfield code="0">0</subfield>
    <subfield code="1">0</subfield>
    <subfield code="2">ddc</subfield>
    <subfield code="4">0</subfield>
    <subfield code="7">0</subfield>
    <subfield code="8">CD</subfield>
    <subfield code="a">BPMET</subfield>
    <subfield code="b">BPMET</subfield>
    <subfield code="d">2022-10-04</subfield>
    <subfield code="o">BPMSU CG 320.951 X6g 2014</subfield>
    <subfield code="p">BPMSU22100005</subfield>
    <subfield code="r">2022-10-04</subfield>
    <subfield code="t">v.1</subfield>
    <subfield code="w">2022-10-04</subfield>
    <subfield code="y">BK</subfield>
  </datafield>
  <datafield tag="952" ind1=" " ind2=" ">
    <subfield code="0">0</subfield>
    <subfield code="1">0</subfield>
    <subfield code="2">ddc</subfield>
    <subfield code="4">0</subfield>
    <subfield code="7">0</subfield>
    <subfield code="8">CD</subfield>
    <subfield code="a">BPMET</subfield>
    <subfield code="b">BPMET</subfield>
    <subfield code="d">2022-10-04</subfield>
    <subfield code="l">0</subfield>
    <subfield code="o">BPMSU CG 320.951 X6g 2014</subfield>
    <subfield code="p">BPMSU22100006</subfield>
    <subfield code="r">2022-10-04</subfield>
    <subfield code="t">v.1,e.2</subfield>
    <subfield code="w">2022-10-04</subfield>
    <subfield code="y">BK</subfield>
  </datafield>
  <datafield tag="952" ind1=" " ind2=" ">
    <subfield code="0">0</subfield>
    <subfield code="1">0</subfield>
    <subfield code="2">ddc</subfield>
    <subfield code="4">0</subfield>
    <subfield code="7">0</subfield>
    <subfield code="8">CD</subfield>
    <subfield code="a">BPMET</subfield>
    <subfield code="b">BPMET</subfield>
    <subfield code="d">2022-10-04</subfield>
    <subfield code="l">0</subfield>
    <subfield code="o">BPMSU CG 320.951 X6g 2018</subfield>
    <subfield code="p">BPMSU22100007</subfield>
    <subfield code="r">2022-10-04</subfield>
    <subfield code="t">v.2</subfield>
    <subfield code="w">2022-10-04</subfield>
    <subfield code="y">BK</subfield>
  </datafield>
  <datafield tag="952" ind1=" " ind2=" ">
    <subfield code="0">0</subfield>
    <subfield code="1">0</subfield>
    <subfield code="2">ddc</subfield>
    <subfield code="4">0</subfield>
    <subfield code="7">0</subfield>
    <subfield code="8">CD</subfield>
    <subfield code="a">BPMET</subfield>
    <subfield code="b">BPMET</subfield>
    <subfield code="d">2022-10-04</subfield>
    <subfield code="l">0</subfield>
    <subfield code="o">BPMSU CG 320.951 X6g 2018</subfield>
    <subfield code="p">BPMSU22100008</subfield>
    <subfield code="r">2022-10-04</subfield>
    <subfield code="t">v.2,e.2</subfield>
    <subfield code="w">2022-10-04</subfield>
    <subfield code="y">BK</subfield>
  </datafield>
  <datafield tag="999" ind1=" " ind2=" ">
    <subfield code="c">14291</subfield>
    <subfield code="d">14291</subfield>
  </datafield>
</record>
